Kto Wtedy Wybiegł Na Boisko Real 4-1 Atletico LM 2014 - Statystyki

Ogólne statystyki
  • Ten quiz został rozwiązany 319 razy
  • Średni wynik to 18 z 30
Statystyki odpowiedzi
Pozycja Piłkarz % Poprawnych
LN Ronaldo
99%
N Benzema
97%
ŚO Ramos
97%
PN Bale
95%
Bramkarz Casillas
94%
Rezerwowy Marcelo
94%
ŚP Modrić
94%
PO Carvajal
84%
ŚO Varane
83%
Trener Ancelotti
79%
ŚO Godin
78%
LP Koke
77%
Bramkarz Courtois
75%
Trener Simeone
74%
N Costa
61%
PO Juanfran
60%
ŚP Gabi
59%
ŚP Di Maria
58%
LO Coentrao
56%
LO Luis
54%
Rezerwowy Isco
49%
ŚP Khedira
43%
Rezerwowy Morata
40%
ŚO Miranda
36%
N Villa
26%
ŚP Tiago
21%
PP Garcia
13%
Rezerwowy Adrian
8%
Rezerwowy Alderweireld
4%
Rezerwowy Sosa
0%
Nie znaleziono quizów pasujących do podanych kryteriów
Rozkład punktacji
Procent ludzi z każdym wynikiem
Percentyl według liczby udzielonych odpowiedzi
Twoja historia wyników
Nie rozwiązałeś tego quizu